Niños o menores infractores de la ley : (Registro nro. 13912)

Detalles MARC
000 -LIDER
fixed length control field 01438nam a2200277 a 4500
001 - NÚMERO DE CONTROL
Identificador de número de control
003 - IDENTIFICACDOR DE NÚMERO DE CONTROL
control field DO-SdBNP
005 - DATE AND TIME OF LATEST TRANSACTION
control field 20211130081252.0
008 - ELEMENTOS DE LONGITUD FIJA
fixed length control field 100813s2015 dr r 001 0 spa
020 ## - ISBN
International Standard Book Number 9789945894608
040 ## - FUENTE DE CATALOGACIÓN
Agencia que crea de manera original el registro DO-SdBNP
Idioma de catalogación spa
Agencia que realiza la transcripción BPMSU
082 ## - NÚMERO DE CLASIFICACIÓN DECIMAL DE DEWEY
Classification number 364.36
Item number D725n 2015
Edition number 22
100 1# - ASIENTO PRINCIPAL -- NOMBRE PERSONAL
Nombre personal Dotel Matos, Héctor
245 10 - MENCIÓN DE TITULO
Título Niños o menores infractores de la ley :
Subtítulo estudio de criminología juvenil /
Mención de responsabilidad Héctor Dotel Matos ; corrección Odalís G. Pérez ; prólogo Milcíades Mejía.
260 ## - PUBLICACIÓN, DISTRIBUCIÓN, ETC. (PIE DE IMPRENTA)
Lugar de publicación, distribución, etc Santo Domingo :
Nombre del editor, distribuidor, etc. Academia de ciencias de la República Dominicana,
Fecha de publicación, distribución, etc 2015.
300 ## - DESCRIPCIÓN FÍSICA
Extensión 479 p. ;
Dimensiones 24 cm.
500 ## - NOTA GENERAL
Nota general Incluye datos biográficos del autor en la solapa de la cubierta
500 ## - NOTA GENERAL
Nota general Incluye referencias bibliográficas y notas al pie de las páginas
505 0# - NOTA DE CONTENIDO
Texto normalizado de contenido Prólogo -- Introducción -- Noción de anomalía e infracción juvenil -- Primera parte : Antecedentes históricos y organismos judiciales de presentación -- Segunda parte : Ifracción juvenil y violencia -- Tercera parte : Búsqueda etiológica -- Cuarta parte : Estudio clínico de las conductas colpables del adolescente -- Bibliografía general .
650 #4 - ENCABEZAMIENTO DE MATERIA--TEMÁTICO
Término temático o nombre geográfico como elemento de entrada Delincuencia juvenil
Subdivisión temática general Aspectos psicológicos.
Término temático seguido del nombre geográfico como elemento de entrada
650 #4 - ENCABEZAMIENTO DE MATERIA--TEMÁTICO
Término temático o nombre geográfico como elemento de entrada Administración de justicia para menores
Subdivisión geográfica República Dominicana
700 1# - ASIENTO SECUNDARIO -- NOMBRE PERSONAL
Nombre personal Mejía, Milcíades,
Mención de responsabilidad pról.
700 1# - ASIENTO SECUNDARIO -- NOMBRE PERSONAL
Nombre personal Pérez, Odalís G.
Fechas asociadas con el nombre 1952-
Mención de responsabilidad corr.
910 ## - VALIDACIÓN
Validación VMateo V.
942 ## - ADDED ENTRY ELEMENTS (KOHA)
Source of classification or shelving scheme Dewey Decimal Classification
Koha item type Libros
Existencias
Withdrawn status Lost status Source of classification or shelving scheme Damaged status Not for loan Collection code Home library Current library Date acquired Total Checkouts Full call number Barcode Date last seen Price effective from Koha item type
    Dewey Decimal Classification     Colección Dominicana Biblioteca Pública Metropolitana Salomé Ureña Biblioteca Pública Metropolitana Salomé Ureña 11/30/2021   BPMSU CD 364.36 D725n 2015 BPMSU21110143 11/30/2021 11/30/2021 Libros